000
00484nam a2200181Ia 4500
008
100917s9999 xx 000 0 und d
082
_b
49364
100
_a
जोगळेकर योगिनी
245
_a
शर्यत
260
_b
मनोरमा प्रकाशन
_c
1981
300
_a
188
365
_b
20
520
_a
कादंबरी
630
_a
शर्यत
650
_a
कादंबरी
730
_a
शर्यत
942
_c
BOOK
999
_c
654758
_d
654755